000 00610nam a2200241Ia 4500
003 0100
008 130303s9999 xx 000 0 und d
020 _a253335256
040 _cARRUPELIB
050 _aJQ1875.C5 1999
100 _aChabal, Patrick
245 _aAfrica works
245 _bdisorder as political instrument
260 _aLondon
260 _bInternational African Institute
260 _C1999
300 _axxi
300 _b 170p. 23cm.
440 _aAfrican issues
650 _bChurch of England -- Doctrines -- History -- 20th C
700 _aPatrick Chabal
942 0 0 _04
999 _c14987
_d14987